000 00570nam a2200229Ia 4500
003 OSt
005 20220928140645.0
006 a|||||r|||| 00| 0
007 ta
008 220927b |||||||| |||| 00| 0 eng d
024 _a10620
037 _cTextual
040 _aSDCL
_cSDCL
_beng
041 _2eng
_aeng
082 _aX:78, P3
100 _aArmstrong Michael
_9370955
245 0 _aHandbook of human resource management practice
250 _a9
260 _c2003
942 _hX:78, P3
_cTEXL
_2CC
999 _c813102
_d813102